000 00233nam a2200097Ia 4500
008 120527s9999 xx 000 0 und d
100 _aPeter Fellows.et al.
245 _aAppropriate food packaging.
260 _bTOOL/ILO
942 _cBK
999 _c21107
_d21107